|
|
|
|
| LEADER |
00000nam0a2200000 4500 |
| 001 |
300347 |
| 005 |
20231102001307.0 |
| 020 |
|
|
|a RU
|b 83-2062
|
| 035 |
|
|
|a (RuTPU)RU\TPU\book\325500
|
| 090 |
|
|
|a 300347
|
| 100 |
|
|
|a 20150709d1982 m y0rusy5003 ca
|
| 101 |
0 |
|
|a rus
|
| 102 |
|
|
|a RU
|
| 105 |
|
|
|a a j 000zy
|
| 200 |
1 |
|
|a Наладка агрегатных станков
|e учебник для среднего профессионального образования
|f А. И. Дащенко, А. И. Шмелев
|
| 205 |
|
|
|a 4-е изд., перераб. и доп.
|
| 210 |
|
|
|a Москва
|d 1982
|c Высшая школа
|
| 215 |
|
|
|a 151 с.
|c ил.
|
| 225 |
1 |
|
|a Профессионально-техническое образование
|
| 305 |
|
|
|a Загл. 3-го изд.: Конструкции и наладка агрегатных станков
|
| 606 |
1 |
|
|a Металлорежущие станки агрегатные
|x Оснастка технологическая
|x Расчет на вычислительных иашинах
|2 stltpush
|3 (RuTPU)RU\TPU\subj\42677
|9 62336
|
| 610 |
1 |
|
|a учебники
|
| 610 |
1 |
|
|a наладка
|
| 610 |
1 |
|
|a обработка резанием
|
| 610 |
1 |
|
|a методы
|
| 610 |
1 |
|
|a технологические процессы
|
| 610 |
1 |
|
|a детали
|
| 610 |
1 |
|
|a узлы
|
| 610 |
1 |
|
|a ремонт
|
| 610 |
1 |
|
|a автоматические линии
|
| 610 |
1 |
|
|a инструменты
|
| 675 |
|
|
|a 621.9.06-112.6(075.32)
|z rus
|v 3
|
| 700 |
|
1 |
|a Дащенко
|b А. И.
|g Анатолий Иосифович
|4 070
|
| 701 |
|
1 |
|a Шмелев
|b А. И.
|g Алексей Иванович
|4 070
|
| 801 |
|
0 |
|a RU
|b RuMRKP
|c 19950704
|g psbo
|
| 801 |
|
1 |
|a RU
|b 63413507
|c 20150709
|
| 801 |
|
2 |
|a RU
|b 63413507
|c 20190617
|g RCR
|
| 942 |
|
|
|c BK
|